000 00302nam a22001337a 4500
003 SGT
082 _a344.460954,KAR
100 _aKARKARA,G.S
245 _aENVIRONMENTAL LAW
260 _aALLAHABAD
_bCENTRAL LAW HOUSE
_c1999
300 _a240
653 _aENVIRONMENTAL LA IN INDIA
942 _2ddc
_cBK
_02
999 _c9679
_d9679